| 000 | 00813nac a22002171u 4500 | ||
|---|---|---|---|
| 010 | _a85019222 | ||
| 020 | _a013568577X (pbk.) | ||
| 082 | 0 | 0 |
_a624.15136 _bWRA |
| 090 |
_c9737 _d9737 |
||
| 100 | _aWray, Warren K. | ||
| 245 | 1 | 0 |
_aMeasuring engineering properties of soil / _cWarren K. Wray. |
| 260 |
_aEnglewood Cliffs, NJ : _bPrentice-Hall,1986. _cc1986. |
||
| 300 |
_axii, 276 p. : _bill. ; _c29 cm. |
||
| 440 | 0 | _aPrentice-Hall international series in civil engineering and engineering mechanics | |
| 500 | _aDistributer: Al-Ahram. | ||
| 504 | _aIncludes bibliographical references and index. | ||
| 511 | _aCatalogued by: Sara. | ||
| 650 | 0 |
_aSoils _xTesting _xLaboratory manuals. |
|
| 650 | 0 |
_aSoil mechanics _xLaboratory manuals. |
|
| 942 |
_cBB _k624.15136WRA |
||
| 999 |
_c9737 _d9737 |
||